000 00531nam a2200193Ia 4500
005 20250508150719.0
008 008 250505s9999 xx 000 0 eng d
037 _aTextual
040 _aFEDL
_beng
_cFEDL
041 _aeng
_2eng
084 _a362.942, HAR
_qFEDL
100 _aHardy
245 0 _aSocial services : An historical survey
260 _aLondon, UK
_bThe Bodley Head
_c1949
300 _a302p
700 _a Wickwar Margaret
_9757441
942 _cTEXL
_h362.942, HAR
999 _c1325214
_d1325214